<?xml version="1.0" encoding="UTF-8"?>
<record
    xmlns:xsi="http://www.w3.org/2001/XMLSchema-instance"
    xsi:schemaLocation="http://www.loc.gov/MARC21/slim http://www.loc.gov/standards/marcxml/schema/MARC21slim.xsd"
    xmlns="http://www.loc.gov/MARC21/slim">

  <leader>01037nam a2200229Ia 4500</leader>
  <datafield tag="952" ind1=" " ind2=" ">
    <subfield code="0">0</subfield>
    <subfield code="1">0</subfield>
    <subfield code="4">0</subfield>
    <subfield code="7">0</subfield>
    <subfield code="a">12</subfield>
    <subfield code="b">12</subfield>
    <subfield code="d">2018-05-11</subfield>
    <subfield code="l">0</subfield>
    <subfield code="o">QA76.73J38 C43 2006</subfield>
    <subfield code="p">12 004468</subfield>
    <subfield code="r">2018-05-11</subfield>
    <subfield code="t">1</subfield>
    <subfield code="w">2018-05-11</subfield>
    <subfield code="y">LB</subfield>
  </datafield>
  <datafield tag="999" ind1=" " ind2=" ">
    <subfield code="c">73709</subfield>
    <subfield code="d">73709</subfield>
  </datafield>
  <controlfield tag="005">20231102151123.0</controlfield>
  <controlfield tag="008">180511s    2006mx m|||| |||| 00| 0 spa d</controlfield>
  <datafield tag="020" ind1=" " ind2=" ">
    <subfield code="a">9701511808</subfield>
  </datafield>
  <datafield tag="050" ind1=" " ind2=" ">
    <subfield code="a">QA76.73J38</subfield>
    <subfield code="b">C43 2006</subfield>
  </datafield>
  <datafield tag="100" ind1=" " ind2=" ">
    <subfield code="a">Ceballos Sierra, Francisco Javier</subfield>
    <subfield code="e">autor</subfield>
  </datafield>
  <datafield tag="245" ind1=" " ind2=" ">
    <subfield code="a">Java 2</subfield>
    <subfield code="b">: interfaces gr&#xE1;ficas y aplicaciones para internet</subfield>
    <subfield code="c">/ Francisco Javier Ceballos Sierra</subfield>
    <subfield code="n">, 2006</subfield>
  </datafield>
  <datafield tag="250" ind1=" " ind2=" ">
    <subfield code="a">2a edici&#xF3;n</subfield>
  </datafield>
  <datafield tag="260" ind1=" " ind2=" ">
    <subfield code="a">M&#xE9;xico</subfield>
    <subfield code="b">: Alfaomega</subfield>
    <subfield code="c">, 2006</subfield>
  </datafield>
  <datafield tag="300" ind1=" " ind2=" ">
    <subfield code="a">xx, 569 p&#xE1;ginas</subfield>
  </datafield>
  <datafield tag="500" ind1=" " ind2=" ">
    <subfield code="a">Contiene: &#xED;ndice anal&#xED;tico 
Algunos cap&#xED;tulos incluyen: resumen, ejemplo de acceso a datos, ejercicios resueltos y propuestos 
Ap&#xE9;ndices: A. Entorno de desarrollo integrado para Java B. Instalaci&#xF3;n del software C. Ficheros de JAR D. Qu&#xE9; aporta J2SE 5.0 </subfield>
  </datafield>
  <datafield tag="519" ind1=" " ind2=" ">
    <subfield code="a">Plan Flexible / </subfield>
    <subfield code="b">Tesnologias de la Informaci&#xF3;n / </subfield>
    <subfield code="c">Gr&#xE1;ficas Computacionales (P18-2) / </subfield>
    <subfield code="d">(12 004468)</subfield>
  </datafield>
  <datafield tag="650" ind1=" " ind2="0">
    <subfield code="a">LENGUAJE DE PROGRAMACI&#xD3;N PARA COMPUTADORA </subfield>
  </datafield>
  <datafield tag="650" ind1=" " ind2="0">
    <subfield code="a">INTERNET</subfield>
  </datafield>
  <datafield tag="650" ind1=" " ind2="0">
    <subfield code="a">P&#xC1;GINAS WEB </subfield>
  </datafield>
  <datafield tag="650" ind1=" " ind2="0">
    <subfield code="a">SERVLET</subfield>
  </datafield>
  <datafield tag="942" ind1=" " ind2=" ">
    <subfield code="c">LB</subfield>
  </datafield>
</record>
